000 00365 a2200169 4500
001 186671
020 _a978-85-7526-386-0
040 _cMagnum
100 _aJunqueira, Sonia
240 1 0 _aA menina e o tambor
_lpor
245 1 0 _aA menina e o tambor
300 _a32
362 0 _a2009
440 1 _aAutĂȘntica
697 _aLITERATURA INFANTIL
942 _cBK
999 _c186671
_d186671